Struktur und Wandel im Früh- und Hochmittelalter. - Stuttgart : Steiner. - 1998 [Rezension]
| Titel: | Struktur und Wandel im Früh- und Hochmittelalter. - Stuttgart : Steiner. - 1998 [Rezension] |
|---|---|
| Verfasser: | |
| In: |
Neues Archiv für sächsische Geschichte, Band 70 (1999), Seite 291-292 alle Artikel anzeigen |
| Veröffentlicht: | 1999 [2000] |
| Format: | Aufsatz |
| Sprache: | Deutsch |
X
alg: 39503354 001A $01999:12-11-16 001B $01999:01-06-17 $t18:17:04.000 001D $01999:12-11-16 001U $0utf8 001X $00 002@ $0Aox 003@ $0395033543 007A $0395033543 $aHEB 007T $0Herd31663 010@ $ager 011@ $a1999 $n1999 [2000] 021A $aStruktur und Wandel im Früh- und Hochmittelalter. - Stuttgart : Steiner. - 1998 [Rezension] 028A $aWalther $dHans 031A $d70 $h291-292 $j1999 039B $aIn $8--Abvc--. Neues Archiv für sächsische Geschichte. - Neustadt a.d. Aisch : Schmidt, 1880-. - ISSN 0944-8195 $x199900000700000709 $9047449519 039T $8--Aau--. Struktur und Wandel im Früh- und Hochmittelalter. - Stuttgart : Steiner, 1998. - 380 S.. - Ill., Kt.. - ISBN 3-515-07114-8 $9056732546 045T $a8,1 lok: 39503354 78 exp: 39503354 78 1 #EPN 201B/01 $018-11-16 $t13:32:48.000 201U/01 $0utf8 203@/01 $0791332152 208@/01 $a12-11-16 $be 209A/01 $a/ $f000 $x00 220C/01 $aTitelaufnehmer: cs 244Z/01 $2Trx $#Germania Slavica $#"Germania Slavica" $#Germania Slavica $#Germania Slavica $#Germania Slavica $#Germania Slavica $#Germania Slavica $8--Trx--Germania Slavica $x01 $9391371002 244Z/01 $2Trx $#arvustused $#recenzijos $#Reviews $#recenziók $#recenzje $#recenzie $#recenze $8--Trx--Rezensionen $x02 $9391357441 247C/01 $82080>Marburg/Lahn, Herder-Institut, Forschungsbibliothek, Bibliographieportal $9336309341
| LEADER | 00000caa a22000002c 4500 | ||
|---|---|---|---|
| 001 | 395033543 | ||
| 003 | DE-603 | ||
| 005 | 20170601181704.0 | ||
| 007 | tu | ||
| 008 | 161112s1999 xx |||| | u00||u|ger c | ||
| 035 | |a (DE-599)HEB395033543 | ||
| 040 | |a DE-603 |b ger |c DE-603 |d DE-603 | ||
| 041 | |a ger | ||
| 084 | |a 8,1 |2 ssgn | ||
| 100 | 1 | |a Walther, Hans | |
| 245 | 0 | 0 | |a Struktur und Wandel im Früh- und Hochmittelalter. - Stuttgart : Steiner. - 1998 [Rezension] |
| 264 | 0 | |c 1999 [2000] | |
| 773 | 0 | 8 | |i In |t Neues Archiv für sächsische Geschichte |d Neustadt a.d. Aisch : Schmidt, 1880- |x 0944-8195 |g Band 70 (1999), Seite 291-292 |w (DE-603)047449519 |w (DE-600)280274-0 |
| 787 | 0 | 8 | |i Rezension von |t Struktur und Wandel im Früh- und Hochmittelalter |d Stuttgart : Steiner, 1998 |h 380 S., Ill., Kt. |z 3515071148 |w (DE-603)056732546 |
| 924 | 0 | |9 2080 |a (DE-603)791332152 |b DE-2080 |c HES |d d |g / | |


